000 00263nam a2200109Ia 4500
008 220204s9999 xx 000 0 und d
082 _a82-3HAR
_bHAR
100 _aHardy, Thomas
245 0 _aThomas Hardy omnibus
260 _aLondon
_bMacmillan
_c1976
942 _cBK
999 _c34988
_d34988